| 000 | 00882nam a22002177a 4500 | ||
|---|---|---|---|
| 003 | 0 | ||
| 005 | 20250218110427.0 | ||
| 008 | 250218b xxu||||| |||| 00| 0 eng d | ||
| 050 |
_aG 155 _b.Al45 2023 |
||
| 100 | _aAlibutud, Jose Miguel F. | ||
| 245 |
_aThe effects of technology in the online teacher of tourism faculty in Las Pinas City _cJose Miguel F. Alibutud and Derrick Dale M. Tamse |
||
| 260 |
_aLas Pinas City _bSouthville International School and Colleges _cc2023 |
||
| 300 |
_ax, 139 pages ; _c28cm. |
||
| 500 | _aBachelor of Science in Tourism. | ||
| 504 | _aIncludes bibliographical references and appendices. | ||
| 650 | _aTourism—Study and teaching—Philippines—Las Piñas. | ||
| 650 | _aEducational technology—Philippines. | ||
| 650 | _aOnline teaching—Philippines. | ||
| 650 | _aTourism faculty—Training—Philippines. | ||
| 942 |
_2lcc _cTH |
||
| 999 |
_c367245 _d367245 |
||